Statistics for Muppet babies based on the theme song lyric

Click here to take the quiz!

General Stats

  • This quiz has been taken 20 times
  • The average score is 8 of 10

Answer Stats

HintAnswer% Correct
I tell great jokesFozzie
100%
I like adventureKermit
100%
I like romanceMiss Piggy
100%
Animal dance!Animal
93%
Mee mee mee meee!Beaker
87%
And I've got blue hairGonzo
87%
Me, I invent thingsBunsen
67%
I've got my computerScooter
47%
I play the pianoRowlf
40%
I swing through the airSkeeter
33%

Score Distribution

Percentile by Number Answered

Percent of People with Each Score

Your Score History

You have not taken this quiz